000 00228nam a22001097a 4500
003 OSt
008 231115b |||||||| |||| 00| 0 eng d
041 _amal
100 _aPeter, K.C.
_94431
245 _aDr. Santhosh /
942 _cBK
999 _c17880
_d17880